10 Rainiest U.S. states - Statistics

General Stats
  • This quiz has been taken 40 times
  • The average score is 9 of 10
Answer Stats
Mean Annual Precipitation(IN) Answer % Correct
59.2 Mississippi
100%
58.3 Alabama
97%
54.6 Florida
97%
63.7 Hawaii
97%
50.7 Georgia
94%
60.1 Louisiana
94%
54.2 Tennessee
85%
50.8 Arkansas
82%
50.5 North Carolina
71%
50.4 Connecticut
32%
No matching quizzes found
Score Distribution
Percent of People with Each Score
Percentile by Number Answered
Your Score History
You have not taken this quiz